000 01183nam a2200313 a 4500
001 ebr10540843
003 CaPaEBR
006 m u
007 cr cn|||||||||
008 110822s2011 ohua sb 001 0 eng d
010 _z 2011937113
020 _z0615038255
020 _z9781615038251
020 _z9781615038480 (e-book)
040 _aCaPaEBR
_cCaPaEBR
035 _a(OCoLC)779365225
050 1 4 _aTJ246
_b.J65 2011eb
245 0 0 _aJoining
_h[electronic resource] :
_bunderstanding the basics /
_cedited by F.C. Campbell.
260 _aMaterials Park, Ohio :
_bASM International,
_cc2011.
300 _ax, 336 p. :
_bill.
504 _aIncludes bibliographical references and index.
533 _aElectronic reproduction.
_bPalo Alto, Calif. :
_cebrary,
_d2011.
_nAvailable via World Wide Web.
_nAccess may be limited to ebrary affiliated libraries.
650 0 _aSealing (Technology)
650 0 _aWelding.
655 7 _aElectronic books.
_2local
700 1 _aCampbell, F. C.
_q(Flake C.)
710 2 _aebrary, Inc.
856 4 0 _uhttp://site.ebrary.com/lib/rucke/Doc?id=10540843
_zAn electronic book accessible through the World Wide Web; click to view
999 _c135339
_d135339